000 00427nam a2200169Ia 4500
003 OSt
005 20260323103203.0
008 211028s2019 xx 000 0 und d
040 _cAIMIT LIBRARY
041 _aeng
100 _aAbdulla;Prabhu, Aravinda.
_g161703
_95226
110 _aRiyaz Mohammed
_95227
245 _aFlex Quick /
260 _aMangalore
_c2019
710 _aJDA Software Pvt Ltd
_95228
942 _2ddc
_cPRO
999 _c217835
_d217835